Statistics for Food Facts

Click here to take the quiz!

General Stats

  • This quiz has been taken 210 times
  • The average score is 6 of 15

Answer Stats

HintAnswer% Correct
It's a sweet food you shouldn't feed to dogsChocolate
93%
A fish that people apparently like on pizzaAnchovies
60%
A drink made from leaves grown in IndiaTea
56%
A type of bean used to make a milk alternativeSoya
53%
You always have to take it out of your burgerGherkin
46%
A caramel coloured soft drinkCoca-Cola
45%
It comes in cans and fills up your inboxSpam
45%
Small chocolate pieces that come in many colours (BLUE IS BACK!!!)Smarties
38%
Apparently it isn't the same as ice creamFrozen Yoghurt
28%
A fish that must be sliced very carefully to not be fatal to eatPufferfish
26%
British equivalent of chinese takeawayFish & Chips
25%
Normally a delicious ready meal, apart from beef & tomato flavourPot Noodle
15%
The type of bean that is typically used in baked beansHaricot
13%
A restaurant chain that decided to change their name (to change it back again)Pizza Hut
6%
A popular french fruit drinkOrangina
4%

Score Distribution

Percentile by Number Answered

Percent of People with Each Score

Your Score History

You have not taken this quiz